LIBRARY ONLINE CATALOGUE

Fundamental managerial accounting concepts / (Record no. 5861)

MARC details
000 -LEADER
fixed length control field 00728cam a22002292 4500
001 - CONTROL NUMBER
control field 0000002446
005 - DATE AND TIME OF LATEST TRANSACTION
control field 20151217151854.0
008 - FIXED-LENGTH DATA ELEMENTS--GENERAL INFORMATION
fixed length control field 070411s xx 000 0 eng d
020 ## - INTERNATIONAL STANDARD BOOK NUMBER
International Standard Book Number 0072478640 :
Terms of availability KES00 (don.)
040 ## - CATALOGING SOURCE
Original cataloging agency KABU
Transcribing agency KABU
050 #0 - LIBRARY OF CONGRESS CALL NUMBER
Classification number HF5657.4
Item number .E35
100 1# - MAIN ENTRY--PERSONAL NAME
Personal name Edmonds, Thomas P.
-- 0000151809
245 10 - TITLE STATEMENT
Title Fundamental managerial accounting concepts /
Statement of responsibility, etc. Thomas P. Edmonds, Cindy D. Edmonds, Bor-Yi Tsay.
260 ## - PUBLICATION, DISTRIBUTION, ETC. (IMPRINT)
Place of publication, distribution, etc. Boston :
Name of publisher, distributor, etc. Irwin,
Date of publication, distribution, etc. 2000.
300 ## - PHYSICAL DESCRIPTION
Extent xvii, 625 p.
650 #0 - SUBJECT ADDED ENTRY--TOPICAL TERM
Topical term or geographic name as entry element Managerial accounting.
-- 0000151472
700 1# - ADDED ENTRY--PERSONAL NAME
Personal name Edmonds, Cindy D.
-- 0000151810
700 1# - ADDED ENTRY--PERSONAL NAME
Personal name Tsay, Bor-Yi.
-- 0000151811
908 ## - PUT COMMAND PARAMETER (RLIN)
Put command parameter 070411
950 ## - LOCAL HOLDINGS (RLIN)
-- 1
Holdings
Withdrawn status Lost status Source of classification or shelving scheme Not for loan Home library Current library Date acquired Total Checkouts Full call number Barcode Date last seen Date last checked out Price effective from Koha item type
    Library of Congress Classification   Kabarak, Main Campus Kabarak, Main Campus 17/12/2015 2 HF5657.4 .E35 003325 15/08/2018 30/07/2018 17/12/2015 General Collection